Países com os Melhores Ensinos - Statistics

Estatísticas Gerais
  • Esse quiz foi jogado 102 vezes
  • A pontuação média é 7 de 10
Estatísticas das Respostas
Posição Resposta % Correto
Japão
94%
10° Canadá
91%
Coreia do Sul
87%
Suécia
87%
Finlândia
86%
Alemanha
85%
Austrália
77%
Polônia
49%
Estônia
34%
Eslovênia
22%
Nenhum quiz correspondente encontrado
Distribuição das Pontuações
Porcentagem de Pessoas com Cada Pontuação
Percentil de Números Respondidos
Sua Pontuação Histórica
Você não jogou esse quiz